[Event "Team Championship of Russia (rapid)"]
[Site "Sochi"]
[Date "2015.05.08"]
[Round "3.14"]
[White "Dubov, Daniil"]
[Black "Landa, Konstantin"]
[Result "1-0"]
[LiveChessVersion "1.4.4"]
[BlackElo "2608"]
[WhiteElo "2686"]
[BlackTeam "University"]
[WhiteTeam "SHSM-Our Heritage-2"]

1. e4 {[%clk 0:15:20]} e5 {[%clk 0:15:12]} 2. Nf3 {[%clk 0:15:19]} Nf6
{[%clk 0:15:21]} 3. Nc3 {[%clk 0:15:27]} Bb4 {[%clk 0:15:23]} 4. Nxe5
{[%clk 0:15:30]} O-O {[%clk 0:15:15]} 5. Nd3 {[%clk 0:15:31]} Bxc3
{[%clk 0:15:20]} 6. dxc3 {[%clk 0:15:40]} Nxe4 {[%clk 0:15:28]} 7. Nf4
{[%clk 0:15:41]} Re8 {[%clk 0:14:54]} 8. Be2 {[%clk 0:15:48]} b6 {[%clk 0:11:58]}
9. O-O {[%clk 0:15:48]} Bb7 {[%clk 0:12:08]} 10. c4 {[%clk 0:15:41]} d6
{[%clk 0:11:47]} 11. f3 {[%clk 0:15:16]} Nf6 {[%clk 0:11:37]} 12. b3
{[%clk 0:15:20]} Nbd7 {[%clk 0:11:00]} 13. Bb2 {[%clk 0:15:20]} Ne5
{[%clk 0:10:33]} 14. Qd2 {[%clk 0:15:04]} Re7 {[%clk 0:10:17]} 15. Nd5
{[%clk 0:14:20]} Nxd5 {[%clk 0:10:10]} 16. cxd5 {[%clk 0:14:28]} Qf8
{[%clk 0:09:57]} 17. Rae1 {[%clk 0:14:15]} Rae8 {[%clk 0:08:57]} 18. Bb5
{[%clk 0:14:08]} Nd7 {[%clk 0:09:05]} 19. Bxd7 {[%clk 0:14:03]} Rxd7
{[%clk 0:09:08]} 20. Bxg7 {[%clk 0:14:06]} Kxg7 {[%clk 0:01:48]} 21. Qd4+
{[%clk 0:14:10]} f6 {[%clk 0:01:57]} 22. Qg4+ {[%clk 0:14:18]} Kh6
{[%clk 0:02:07]} 23. Qxd7 {[%clk 0:14:14]} Re5 {[%clk 0:02:16]} 24. c4
{[%clk 0:13:22]} Bc8 {[%clk 0:02:25]} 25. Qxc7 {[%clk 0:13:27]} Qe8
{[%clk 0:02:34]} 26. Rxe5 {[%clk 0:13:26]} dxe5 {[%clk 0:02:34]} 27. Qxa7
{[%clk 0:13:22]} Qd8 {[%clk 0:02:37]} 28. Qb8 {[%clk 0:13:21]} f5
{[%clk 0:02:34]} 29. Qxe5 {[%clk 0:13:28]} 1-0

[Event "Team Championship of Russia (rapid)"]
[Site "Sochi"]
[Date "2015.05.08"]
[Round "3.15"]
[White "Aleksandrov, Aleksej"]
[Black "Potkin, Vladimir"]
[Result "1/2-1/2"]
[LiveChessVersion "1.4.4"]
[BlackElo "2676"]
[WhiteElo "2685"]
[BlackTeam "SHSM-Our Heritage-2"]

1. Nf3 {[%clk 0:15:14]} c5 {[%clk 0:15:15]} 2. e3 {[%clk 0:15:22]} Nf6
{[%clk 0:15:17]} 3. d4 {[%clk 0:15:30]} g6 {[%clk 0:14:52]} 4. dxc5
{[%clk 0:15:34]} Qa5+ {[%clk 0:14:48]} 5. Nbd2 {[%clk 0:15:42]} Bg7
{[%clk 0:14:49]} 6. a3 {[%clk 0:15:47]} Qxc5 {[%clk 0:14:55]} 7. b4
{[%clk 0:15:54]} Qc7 {[%clk 0:14:58]} 8. Bb2 {[%clk 0:16:03]} O-O
{[%clk 0:15:02]} 9. c4 {[%clk 0:16:06]} b6 {[%clk 0:15:09]} 10. Be2
{[%clk 0:16:07]} Bb7 {[%clk 0:15:17]} 11. O-O {[%clk 0:16:14]} d6
{[%clk 0:15:26]} 12. Nd4 {[%clk 0:15:07]} Nbd7 {[%clk 0:15:22]} 13. Nb5
{[%clk 0:14:54]} Qb8 {[%clk 0:15:27]} 14. Rc1 {[%clk 0:14:51]} a6
{[%clk 0:15:34]} 15. Nc3 {[%clk 0:14:59]} Qa7 {[%clk 0:15:05]} 16. Qb3
{[%clk 0:14:42]} Rac8 {[%clk 0:15:12]} 17. h3 {[%clk 0:14:50]} Ne5
{[%clk 0:15:07]} 18. Rfe1 {[%clk 0:14:24]} Rc7 {[%clk 0:14:14]} 19. f4
{[%clk 0:12:05]} Ned7 {[%clk 0:14:18]} 20. Bf3 {[%clk 0:10:27]} Rfc8
{[%clk 0:14:17]} 21. Bxb7 {[%clk 0:10:14]} Qxb7 {[%clk 0:14:26]} 22. a4
{[%clk 0:10:14]} e6 {[%clk 0:13:48]} 23. Kh2 {[%clk 0:09:39]} d5 {[%clk 0:13:34]}
24. cxd5 {[%clk 0:09:44]} Nxd5 {[%clk 0:13:11]} 25. Nxd5 {[%clk 0:09:22]} Qxd5
{[%clk 0:13:19]} 26. Qxd5 {[%clk 0:08:40]} exd5 {[%clk 0:13:28]} 27. Rxc7
{[%clk 0:08:45]} Rxc7 {[%clk 0:13:36]} 28. Rc1 {[%clk 0:07:55]} Rxc1
{[%clk 0:13:40]} 29. Bxc1 {[%clk 0:08:04]} Bc3 {[%clk 0:04:19]} 30. b5
{[%clk 0:08:12]} axb5 {[%clk 0:04:28]} 31. axb5 {[%clk 0:08:20]} Bxd2
{[%clk 0:04:14]} 32. Bxd2 {[%clk 0:08:29]} Nc5 {[%clk 0:04:22]} 33. Bc3
{[%clk 0:06:42]} Ne4 {[%clk 0:04:24]} 1/2-1/2

[Event "Team Championship of Russia (rapid)"]
[Site "Sochi"]
[Date "2015.05.08"]
[Round "3.16"]
[White "Popov, Ivan"]
[Black "Tregubov, Pavel V."]
[Result "1/2-1/2"]
[LiveChessVersion "1.4.4"]
[BlackElo "2671"]
[WhiteElo "2701"]
[BlackTeam "University"]
[WhiteTeam "SHSM-Our Heritage-2"]

1. e4 {[%clk 0:15:18]} c5 {[%clk 0:15:19]} 2. Nf3 {[%clk 0:15:27]} e6
{[%clk 0:15:29]} 3. d4 {[%clk 0:15:36]} cxd4 {[%clk 0:15:38]} 4. Nxd4
{[%clk 0:15:45]} Nc6 {[%clk 0:15:47]} 5. Nc3 {[%clk 0:15:53]} Nf6
{[%clk 0:15:56]} 6. Ndb5 {[%clk 0:15:58]} Bb4 {[%clk 0:16:04]} 7. a3
{[%clk 0:16:04]} Bxc3+ {[%clk 0:16:13]} 8. Nxc3 {[%clk 0:16:12]} d5
{[%clk 0:16:23]} 9. exd5 {[%clk 0:16:21]} exd5 {[%clk 0:16:32]} 10. Bd3
{[%clk 0:16:26]} O-O {[%clk 0:16:39]} 11. O-O {[%clk 0:16:34]} d4
{[%clk 0:16:48]} 12. Ne4 {[%clk 0:16:33]} Bf5 {[%clk 0:16:55]} 13. Nc5
{[%clk 0:16:02]} Qd5 {[%clk 0:15:53]} 14. Bxf5 {[%clk 0:15:58]} Qxf5
{[%clk 0:16:02]} 15. Nd3 {[%clk 0:15:37]} Ne5 {[%clk 0:15:25]} 16. Nxe5
{[%clk 0:14:42]} Qxe5 {[%clk 0:15:34]} 17. Re1 {[%clk 0:14:50]} Qc5
{[%clk 0:14:55]} 18. Bf4 {[%clk 0:14:31]} Rfe8 {[%clk 0:12:45]} 19. Qd3
{[%clk 0:14:04]} Rac8 {[%clk 0:11:17]} 20. h3 {[%clk 0:11:58]} h6
{[%clk 0:09:01]} 21. Rxe8+ {[%clk 0:11:27]} Rxe8 {[%clk 0:09:10]} 22. Rd1
{[%clk 0:11:28]} Rc8 {[%clk 0:08:25]} 23. Qxd4 {[%clk 0:09:09]} Qxd4
{[%clk 0:08:05]} 24. Rxd4 {[%clk 0:09:18]} Rxc2 {[%clk 0:08:13]} 25. Be5
{[%clk 0:09:12]} Kh7 {[%clk 0:05:43]} 26. Rd8 {[%clk 0:07:44]} Ne4
{[%clk 0:05:49]} 27. f3 {[%clk 0:06:05]} f6 {[%clk 0:05:52]} 28. Bb8
{[%clk 0:03:56]} Nd2 {[%clk 0:04:51]} 29. b4 {[%clk 0:04:02]} a6 {[%clk 0:04:46]}
30. Rd7 {[%clk 0:03:47]} Nc4 {[%clk 0:04:23]} 31. Rxb7 {[%clk 0:03:08]} Ra2
{[%clk 0:04:07]} 32. Ba7 {[%clk 0:02:25]} Rxa3 {[%clk 0:03:59]} 33. Bc5
{[%clk 0:02:33]} Kg8 {[%clk 0:03:38]} 34. Ra7 {[%clk 0:02:24]} Ne5
{[%clk 0:02:12]} 35. Kh2 {[%clk 0:01:41]} Ra4 {[%clk 0:02:17]} 36. Rb7
{[%clk 0:01:28]} Ra2 {[%clk 0:02:16]} 37. Kg1 {[%clk 0:00:50]} h5
{[%clk 0:02:00]} 38. Rb8+ {[%clk 0:00:52]} Kh7 {[%clk 0:01:49]} 39. Rb7
{[%clk 0:01:00]} Ng6 {[%clk 0:01:47]} 40. Kf1 {[%clk 0:00:43]} Nf4
{[%clk 0:01:29]} 41. Bf8 {[%clk 0:00:26]} Ne6 {[%clk 0:01:38]} 42. Bd6
{[%clk 0:00:32]} h4 {[%clk 0:01:24]} 43. Re7 {[%clk 0:00:36]} Nd4
{[%clk 0:01:31]} 44. Bc5 {[%clk 0:00:38]} Nf5 {[%clk 0:01:37]} 45. Ra7
{[%clk 0:00:33]} Ng3+ {[%clk 0:01:31]} 46. Kg1 {[%clk 0:00:41]} f5
{[%clk 0:01:25]} 47. Re7 {[%clk 0:00:26]} f4 {[%clk 0:00:33]} 48. Re1
{[%clk 0:00:34]} g5 {[%clk 0:00:37]} 49. Bf2 {[%clk 0:00:28]} Kg6
{[%clk 0:00:39]} 50. Bc5 {[%clk 0:00:26]} Kf5 {[%clk 0:00:19]} 51. Be7
{[%clk 0:00:28]} Ne2+ {[%clk 0:00:16]} 52. Kf1 {[%clk 0:00:33]} Ng3+
{[%clk 0:00:25]} 53. Kg1 {[%clk 0:00:42]} Ne2+ {[%clk 0:00:22]} 54. Kf1
{[%clk 0:00:51]} Ng3+ {[%clk 0:00:30]} 55. Kg1 {[%clk 0:01:01]} Ne2+
{[%clk 0:00:36]} 1/2-1/2

[Event "Team Championship of Russia (rapid)"]
[Site "Sochi"]
[Date "2015.05.08"]
[Round "3.17"]
[White "Malakhov, Vladimir"]
[Black "Demidov, Mikhail"]
[Result "1/2-1/2"]
[LiveChessVersion "1.4.4"]
[BlackElo "2493"]
[WhiteElo "2729"]
[BlackTeam "Boavishta"]
[WhiteTeam "Malachite"]

1. e4 {[%clk 0:15:10]} e6 {[%clk 0:15:17]} 2. d4 {[%clk 0:15:18]} d5
{[%clk 0:15:26]} 3. Nd2 {[%clk 0:15:26]} Nf6 {[%clk 0:15:34]} 4. e5
{[%clk 0:15:34]} Nfd7 {[%clk 0:15:42]} 5. f4 {[%clk 0:15:41]} c5 {[%clk 0:15:51]}
6. Ngf3 {[%clk 0:15:49]} Nc6 {[%clk 0:15:57]} 7. Nb3 {[%clk 0:15:57]} cxd4
{[%clk 0:15:18]} 8. Nfxd4 {[%clk 0:15:37]} Nc5 {[%clk 0:15:03]} 9. Be3
{[%clk 0:14:00]} Ne4 {[%clk 0:14:13]} 10. Bd3 {[%clk 0:13:59]} Bd7
{[%clk 0:13:26]} 11. Qf3 {[%clk 0:13:38]} Nxd4 {[%clk 0:12:50]} 12. Bxd4
{[%clk 0:13:24]} Bc6 {[%clk 0:12:44]} 13. O-O {[%clk 0:12:03]} Be7
{[%clk 0:11:30]} 14. f5 {[%clk 0:11:55]} exf5 {[%clk 0:11:36]} 15. Qxf5
{[%clk 0:12:03]} O-O {[%clk 0:11:33]} 16. Rad1 {[%clk 0:11:18]} g6
{[%clk 0:11:16]} 17. Qg4 {[%clk 0:10:42]} Qc8 {[%clk 0:09:48]} 18. Qe2
{[%clk 0:10:18]} a5 {[%clk 0:09:28]} 19. Bxe4 {[%clk 0:08:43]} dxe4
{[%clk 0:09:37]} 20. Nd2 {[%clk 0:08:52]} Qe6 {[%clk 0:08:44]} 21. Nxe4
{[%clk 0:08:55]} Rad8 {[%clk 0:07:52]} 22. Nf6+ {[%clk 0:08:13]} Kg7
{[%clk 0:06:17]} 23. c3 {[%clk 0:07:33]} Qxa2 {[%clk 0:06:11]} 24. e6
{[%clk 0:06:32]} Rxd4 {[%clk 0:06:16]} 25. cxd4 {[%clk 0:06:39]} Qxe6
{[%clk 0:04:56]} 26. Qxe6 {[%clk 0:06:43]} fxe6 {[%clk 0:05:05]} 27. Ng4
{[%clk 0:06:51]} Rd8 {[%clk 0:02:44]} 28. Ne5 {[%clk 0:06:59]} Be8
{[%clk 0:02:53]} 29. Rc1 {[%clk 0:05:49]} Bd6 {[%clk 0:03:02]} 30. Rfe1
{[%clk 0:05:56]} Bb8 {[%clk 0:02:32]} 31. Nf3 {[%clk 0:04:58]} Kf6
{[%clk 0:02:32]} 32. Kf2 {[%clk 0:04:41]} g5 {[%clk 0:02:15]} 33. g4
{[%clk 0:03:50]} Bf4 {[%clk 0:02:03]} 34. Rc5 {[%clk 0:03:41]} a4
{[%clk 0:01:56]} 35. Rd1 {[%clk 0:03:27]} h5 {[%clk 0:01:16]} 36. h3
{[%clk 0:03:28]} h4 {[%clk 0:01:15]} 37. Ne5 {[%clk 0:03:13]} b6 {[%clk 0:01:19]}
38. Rc4 {[%clk 0:02:44]} Ra8 {[%clk 0:01:16]} 39. Re1 {[%clk 0:02:27]} Bg3+
{[%clk 0:01:23]} 40. Ke2 {[%clk 0:02:25]} Bb5 {[%clk 0:01:33]} 41. Rf1+
{[%clk 0:02:27]} Kg7 {[%clk 0:01:26]} 42. Rf7+ {[%clk 0:02:30]} Kg8
{[%clk 0:01:35]} 43. Rfc7 {[%clk 0:02:39]} Bxe5 {[%clk 0:01:18]} 44. dxe5
{[%clk 0:02:48]} a3 {[%clk 0:01:18]} 45. bxa3 {[%clk 0:02:44]} Rxa3
{[%clk 0:01:27]} 46. Rc8+ {[%clk 0:02:39]} Kf7 {[%clk 0:01:28]} 47. R8c7+
{[%clk 0:02:48]} Kg6 {[%clk 0:01:31]} 48. Kf2 {[%clk 0:02:56]} Bxc4
{[%clk 0:01:24]} 49. Rxc4 {[%clk 0:03:05]} Rxh3 {[%clk 0:01:13]} 50. Rc6
{[%clk 0:03:14]} Rg3 {[%clk 0:01:05]} 51. Rxe6+ {[%clk 0:03:21]} Kf7
{[%clk 0:01:13]} 52. Rxb6 {[%clk 0:03:21]} Rxg4 {[%clk 0:01:22]} 53. Rf6+
{[%clk 0:03:30]} Ke7 {[%clk 0:01:09]} 54. Kf3 {[%clk 0:03:27]} Ra4
{[%clk 0:00:58]} 55. Rg6 {[%clk 0:03:25]} Ra3+ {[%clk 0:00:45]} 56. Kg4
{[%clk 0:02:52]} Rg3+ {[%clk 0:00:54]} 57. Kf5 {[%clk 0:03:01]} h3
{[%clk 0:00:51]} 58. Rh6 {[%clk 0:03:10]} g4 {[%clk 0:00:43]} 59. Rh7+
{[%clk 0:03:19]} Kf8 {[%clk 0:00:38]} 60. e6 {[%clk 0:03:23]} Rg1
{[%clk 0:00:38]} 61. Kg5 {[%clk 0:02:22]} Rg2 {[%clk 0:00:22]} 62. e7+
{[%clk 0:02:26]} Ke8 {[%clk 0:00:31]} 63. Kf6 {[%clk 0:02:35]} Rf2+
{[%clk 0:00:24]} 64. Ke6 {[%clk 0:02:41]} Re2+ {[%clk 0:00:24]} 65. Kd6
{[%clk 0:02:50]} h2 {[%clk 0:00:22]} 66. Rh8+ {[%clk 0:02:59]} Kf7
{[%clk 0:00:32]} 67. Rh7+ {[%clk 0:03:01]} Ke8 {[%clk 0:00:39]} 68. Rh8+
{[%clk 0:03:10]} Kf7 {[%clk 0:00:41]} 69. Rh7+ {[%clk 0:03:19]} Kf6
{[%clk 0:00:36]} 70. Rh6+ {[%clk 0:03:28]} Kf7 {[%clk 0:00:34]} 71. Rh7+
{[%clk 0:03:36]} Kf6 {[%clk 0:00:43]} 1/2-1/2

[Event "Team Championship of Russia (rapid)"]
[Site "Sochi"]
[Date "2015.05.08"]
[Round "3.18"]
[White "Vastrukhin, Oleg"]
[Black "Lysyj, Igor"]
[Result "1/2-1/2"]
[LiveChessVersion "1.4.4"]
[BlackElo "2647"]
[WhiteElo "2444"]
[BlackTeam "Malachite"]
[WhiteTeam "Boavishta"]

1. Nf3 {[%clk 0:15:17]} Nf6 {[%clk 0:15:19]} 2. g3 {[%clk 0:15:27]} d5
{[%clk 0:15:28]} 3. Bg2 {[%clk 0:15:36]} e6 {[%clk 0:15:36]} 4. O-O
{[%clk 0:15:44]} Be7 {[%clk 0:15:45]} 5. d3 {[%clk 0:15:45]} O-O {[%clk 0:15:52]}
6. Nbd2 {[%clk 0:15:53]} c5 {[%clk 0:16:00]} 7. b3 {[%clk 0:14:36]} Nc6
{[%clk 0:15:50]} 8. Bb2 {[%clk 0:14:45]} b6 {[%clk 0:15:57]} 9. Ne5
{[%clk 0:14:16]} Bb7 {[%clk 0:15:55]} 10. c4 {[%clk 0:12:45]} Nxe5
{[%clk 0:14:01]} 11. Bxe5 {[%clk 0:12:52]} Qd7 {[%clk 0:14:10]} 12. Qc2
{[%clk 0:12:42]} Rfd8 {[%clk 0:13:50]} 13. Rfd1 {[%clk 0:12:13]} Ng4
{[%clk 0:13:53]} 14. Bb2 {[%clk 0:12:15]} d4 {[%clk 0:13:59]} 15. Bxb7
{[%clk 0:11:52]} Qxb7 {[%clk 0:13:59]} 16. Nf3 {[%clk 0:12:00]} a5
{[%clk 0:13:34]} 17. Bc1 {[%clk 0:11:14]} h6 {[%clk 0:13:04]} 18. Bd2
{[%clk 0:10:50]} Bd6 {[%clk 0:12:33]} 19. a3 {[%clk 0:10:32]} e5 {[%clk 0:12:11]}
20. b4 {[%clk 0:10:04]} Nf6 {[%clk 0:09:52]} 21. bxa5 {[%clk 0:09:57]} bxa5
{[%clk 0:10:01]} 22. Rdb1 {[%clk 0:09:55]} Qc6 {[%clk 0:10:06]} 23. Rb5
{[%clk 0:09:56]} Bc7 {[%clk 0:10:14]} 24. Qd1 {[%clk 0:07:27]} e4
{[%clk 0:10:13]} 25. Nh4 {[%clk 0:07:35]} Re8 {[%clk 0:09:29]} 26. Qf1
{[%clk 0:07:36]} h5 {[%clk 0:06:40]} 27. Qg2 {[%clk 0:05:00]} g6 {[%clk 0:06:47]}
28. Rab1 {[%clk 0:04:56]} a4 {[%clk 0:06:35]} 29. h3 {[%clk 0:04:07]} Rab8
{[%clk 0:06:06]} 30. Rxb8 {[%clk 0:03:42]} Bxb8 {[%clk 0:04:17]} 31. Bf4
{[%clk 0:03:35]} Bd6 {[%clk 0:04:06]} 32. Bg5 {[%clk 0:02:30]} Nd7
{[%clk 0:04:08]} 33. Bf4 {[%clk 0:01:18]} Bf8 {[%clk 0:02:55]} 34. dxe4
{[%clk 0:00:32]} Nb6 {[%clk 0:02:50]} 35. Rc1 {[%clk 0:00:21]} Qe6
{[%clk 0:02:21]} 36. Nf3 {[%clk 0:00:27]} Qxe4 {[%clk 0:02:27]} 37. Ng5
{[%clk 0:00:26]} Qxg2+ {[%clk 0:01:54]} 38. Kxg2 {[%clk 0:00:35]} f6
{[%clk 0:01:59]} 39. Nf3 {[%clk 0:00:35]} Rxe2 {[%clk 0:02:08]} 40. Bc7
{[%clk 0:00:30]} Rb2 {[%clk 0:02:12]} 41. Ne1 {[%clk 0:00:19]} Nd7
{[%clk 0:02:13]} 42. Nd3 {[%clk 0:00:15]} Rb7 {[%clk 0:02:19]} 43. Ba5
{[%clk 0:00:22]} Rb3 {[%clk 0:02:13]} 44. Nf4 {[%clk 0:00:31]} Bh6
{[%clk 0:01:43]} 45. Re1 {[%clk 0:00:28]} Ne5 {[%clk 0:01:07]} 46. Nd5
{[%clk 0:00:38]} Kf7 {[%clk 0:01:16]} 47. f4 {[%clk 0:00:12]} Nc6
{[%clk 0:01:07]} 48. Bb6 {[%clk 0:00:15]} Bf8 {[%clk 0:01:14]} 49. g4
{[%clk 0:00:15]} Rxa3 {[%clk 0:01:16]} 50. f5 {[%clk 0:00:23]} hxg4
{[%clk 0:01:16]} 51. hxg4 {[%clk 0:00:31]} gxf5 {[%clk 0:01:23]} 52. gxf5
{[%clk 0:00:41]} Ne5 {[%clk 0:01:24]} 53. Bc7 {[%clk 0:00:50]} Nxc4
{[%clk 0:01:27]} 54. Bf4 {[%clk 0:00:47]} Rb3 {[%clk 0:01:24]} 55. Re6
{[%clk 0:00:53]} Bg7 {[%clk 0:00:57]} 56. Ra6 {[%clk 0:01:02]} a3
{[%clk 0:00:29]} 57. Ra7+ {[%clk 0:01:09]} Kg8 {[%clk 0:00:38]} 58. Ra8+
{[%clk 0:00:27]} Kh7 {[%clk 0:00:46]} 59. Ra7 {[%clk 0:00:36]} Kg8
{[%clk 0:00:24]} 60. Ra8+ {[%clk 0:00:44]} Kh7 {[%clk 0:00:32]} 61. Ra7
{[%clk 0:00:53]} Ne3+ {[%clk 0:00:22]} 62. Bxe3 {[%clk 0:00:55]} dxe3
{[%clk 0:00:31]} 63. Nxf6+ {[%clk 0:01:00]} Kh6 {[%clk 0:00:40]} 64. Ng4+
{[%clk 0:01:09]} Kg5 {[%clk 0:00:49]} 65. Rxg7+ {[%clk 0:01:16]} Kxf5
{[%clk 0:00:58]} 66. Kf3 {[%clk 0:01:00]} a2 {[%clk 0:00:36]} 67. Rf7+
{[%clk 0:01:04]} Kg5 {[%clk 0:00:44]} 68. Rg7+ {[%clk 0:01:05]} Kf5
{[%clk 0:00:51]} 69. Rf7+ {[%clk 0:01:08]} Kg5 {[%clk 0:00:44]} 70. Rg7+
{[%clk 0:00:43]} Kf5 {[%clk 0:00:52]} 71. Rf7+ {[%clk 0:00:16]} Kg5
{[%clk 0:01:01]} 72. Rg7+ {[%clk 0:00:22]} Kf5 {[%clk 0:01:10]} 73. Rf7+
{[%clk 0:00:13]} Kg5 {[%clk 0:01:18]} 1/2-1/2

[Event "Team Championship of Russia (rapid)"]
[Site "Sochi"]
[Date "2015.05.08"]
[Round "3.19"]
[White "Riazantsev, Alexander"]
[Black "Pasiev, Rakhim"]
[Result "1/2-1/2"]
[LiveChessVersion "1.4.4"]
[BlackElo "2406"]
[WhiteElo "2605"]
[BlackTeam "Boavishta"]
[WhiteTeam "Malachite"]

1. d4 {[%clk 0:15:19]} d5 {[%clk 0:15:19]} 2. c4 {[%clk 0:15:28]} Nc6
{[%clk 0:15:27]} 3. Nc3 {[%clk 0:15:32]} dxc4 {[%clk 0:15:34]} 4. Nf3
{[%clk 0:15:05]} Nf6 {[%clk 0:15:43]} 5. e3 {[%clk 0:15:05]} Bg4 {[%clk 0:14:35]}
6. Bxc4 {[%clk 0:15:11]} e6 {[%clk 0:14:44]} 7. Bb5 {[%clk 0:14:52]} Bd6
{[%clk 0:14:44]} 8. h3 {[%clk 0:14:29]} Bh5 {[%clk 0:14:45]} 9. Qa4
{[%clk 0:14:18]} O-O {[%clk 0:14:08]} 10. Bxc6 {[%clk 0:14:23]} bxc6
{[%clk 0:14:17]} 11. Qxc6 {[%clk 0:14:25]} Nd5 {[%clk 0:14:17]} 12. Nxd5
{[%clk 0:14:06]} exd5 {[%clk 0:14:24]} 13. Bd2 {[%clk 0:13:57]} Rb8
{[%clk 0:13:24]} 14. b3 {[%clk 0:13:22]} Bxf3 {[%clk 0:08:35]} 15. gxf3
{[%clk 0:13:31]} Qg5 {[%clk 0:08:44]} 16. Qd7 {[%clk 0:11:50]} Rfe8
{[%clk 0:08:36]} 17. Qg4 {[%clk 0:11:37]} Qf6 {[%clk 0:08:44]} 18. O-O
{[%clk 0:11:12]} Re6 {[%clk 0:08:26]} 19. Kh1 {[%clk 0:11:12]} Qh6
{[%clk 0:08:14]} 20. f4 {[%clk 0:11:09]} f5 {[%clk 0:05:03]} 21. Qf3
{[%clk 0:11:06]} Rf8 {[%clk 0:04:19]} 22. Rg1 {[%clk 0:11:14]} c6
{[%clk 0:04:05]} 23. Rac1 {[%clk 0:11:17]} Be7 {[%clk 0:04:08]} 24. Ba5
{[%clk 0:11:01]} Rc8 {[%clk 0:03:47]} 25. Rg3 {[%clk 0:11:02]} Qf6
{[%clk 0:03:29]} 26. Qe2 {[%clk 0:09:54]} c5 {[%clk 0:02:20]} 27. Qd3
{[%clk 0:08:01]} Ra6 {[%clk 0:01:31]} 28. Bd2 {[%clk 0:06:37]} Rxa2
{[%clk 0:00:58]} 29. dxc5 {[%clk 0:06:46]} Qe6 {[%clk 0:01:07]} 30. b4
{[%clk 0:05:13]} Qe4+ {[%clk 0:01:16]} 31. Qxe4 {[%clk 0:05:22]} dxe4
{[%clk 0:01:25]} 32. Bc3 {[%clk 0:05:28]} g6 {[%clk 0:01:29]} 33. Rgg1
{[%clk 0:05:07]} a5 {[%clk 0:01:25]} 34. Ra1 {[%clk 0:04:37]} axb4
{[%clk 0:01:01]} 35. Rxa2 {[%clk 0:04:43]} bxc3 {[%clk 0:01:10]} 36. Rc1
{[%clk 0:03:01]} Rxc5 {[%clk 0:01:17]} 37. Ra7 {[%clk 0:03:10]} Kf7
{[%clk 0:01:19]} 38. Kg2 {[%clk 0:03:12]} Rc6 {[%clk 0:01:17]} 39. f3
{[%clk 0:03:08]} Ke6 {[%clk 0:01:23]} 40. fxe4 {[%clk 0:03:02]} fxe4
{[%clk 0:01:31]} 41. Ra4 {[%clk 0:03:11]} Kf5 {[%clk 0:01:15]} 42. Ra5+
{[%clk 0:03:13]} Kf6 {[%clk 0:01:24]} 43. Rc2 {[%clk 0:03:14]} Bb4
{[%clk 0:00:55]} 44. Re5 {[%clk 0:02:31]} Rc4 {[%clk 0:01:03]} 45. Kf2
{[%clk 0:02:18]} Ba3 {[%clk 0:01:12]} 46. Rd5 {[%clk 0:02:00]} Ke6
{[%clk 0:00:28]} 47. Rd8 {[%clk 0:01:52]} Bb2 {[%clk 0:00:22]} 48. Ra8
{[%clk 0:01:44]} Rc5 {[%clk 0:00:26]} 49. Ra4 {[%clk 0:01:48]} Kf5
{[%clk 0:00:27]} 50. Rb4 {[%clk 0:01:57]} Ra5 {[%clk 0:00:35]} 51. Kg3
{[%clk 0:01:21]} Ra1 {[%clk 0:00:42]} 52. Rb5+ {[%clk 0:01:30]} Kf6
{[%clk 0:00:51]} 53. Rb6+ {[%clk 0:01:37]} Kf5 {[%clk 0:00:43]} 54. Rb5+
{[%clk 0:01:14]} Kf6 {[%clk 0:00:52]} 55. Re5 {[%clk 0:00:39]} Rd1
{[%clk 0:01:00]} 56. Kf2 {[%clk 0:00:42]} Rh1 {[%clk 0:01:07]} 57. Kg2
{[%clk 0:00:42]} Rd1 {[%clk 0:01:16]} 58. Rc5 {[%clk 0:00:36]} Ke6
{[%clk 0:01:00]} 59. Kf2 {[%clk 0:00:41]} Rh1 {[%clk 0:01:06]} 60. Kg3
{[%clk 0:00:37]} Rd1 {[%clk 0:01:06]} 61. Rc8 {[%clk 0:00:24]} Re1
{[%clk 0:01:01]} 62. Kf2 {[%clk 0:00:26]} Rh1 {[%clk 0:01:09]} 63. Kg2
{[%clk 0:00:34]} Re1 {[%clk 0:01:15]} 64. Kf2 {[%clk 0:00:28]} Rh1
{[%clk 0:01:23]} 65. Kg2 {[%clk 0:00:21]} Rd1 {[%clk 0:01:31]} 66. Kf2
{[%clk 0:00:23]} Rh1 {[%clk 0:01:40]} 67. Kg2 {[%clk 0:00:27]} Rd1
{[%clk 0:01:10]} 68. Kf2 {[%clk 0:00:35]} Rh1 {[%clk 0:00:27]} 69. Kg2
{[%clk 0:00:45]} Rd1 {[%clk 0:00:26]} 1/2-1/2

[Event "Team Championship of Russia (rapid)"]
[Site "Sochi"]
[Date "2015.05.08"]
[Round "3.20"]
[White "Denishev, Marat"]
[Black "Motylev, Alexander"]
[Result "0-1"]
[LiveChessVersion "1.4.4"]
[BlackElo "2431"]
[WhiteElo "2261"]
[BlackTeam "Malachite"]

1. d4 {[%clk 0:15:18]} d5 {[%clk 0:15:19]} 2. c4 {[%clk 0:15:26]} c6
{[%clk 0:15:27]} 3. Nf3 {[%clk 0:15:34]} Nf6 {[%clk 0:15:36]} 4. e3
{[%clk 0:15:39]} Bf5 {[%clk 0:15:42]} 5. Bd3 {[%clk 0:15:26]} Bg6
{[%clk 0:15:46]} 6. O-O {[%clk 0:15:28]} e6 {[%clk 0:15:55]} 7. Nc3
{[%clk 0:15:34]} Nbd7 {[%clk 0:16:03]} 8. b3 {[%clk 0:15:33]} Bb4
{[%clk 0:15:47]} 9. Bb2 {[%clk 0:15:39]} O-O {[%clk 0:15:55]} 10. Bxg6
{[%clk 0:14:57]} hxg6 {[%clk 0:16:02]} 11. Qc2 {[%clk 0:14:54]} Re8
{[%clk 0:16:00]} 12. a3 {[%clk 0:14:44]} Ba5 {[%clk 0:16:09]} 13. Rfd1
{[%clk 0:14:30]} Rc8 {[%clk 0:15:43]} 14. Rac1 {[%clk 0:13:49]} Qe7
{[%clk 0:15:41]} 15. h3 {[%clk 0:12:32]} a6 16. Qe2 {[%clk 0:11:15]} b5
{[%clk 0:15:17]} 17. Rc2 {[%clk 0:09:02]} bxc4 {[%clk 0:11:21]} 18. bxc4
{[%clk 0:09:10]} Nb6 {[%clk 0:11:29]} 19. Nd2 {[%clk 0:07:30]} Qa7
{[%clk 0:11:34]} 20. Rdc1 {[%clk 0:07:06]} Rb8 {[%clk 0:11:32]} 21. Qd3
{[%clk 0:05:52]} Red8 {[%clk 0:09:48]} 22. c5 {[%clk 0:04:17]} Nbd7
{[%clk 0:09:53]} 23. Na4 {[%clk 0:04:00]} Bc7 {[%clk 0:09:28]} 24. f4
{[%clk 0:03:51]} Rb5 {[%clk 0:09:34]} 25. g4 {[%clk 0:03:26]} Rdb8
{[%clk 0:09:23]} 26. Bc3 {[%clk 0:03:19]} Ba5 {[%clk 0:09:12]} 27. g5
{[%clk 0:03:14]} Nh5 {[%clk 0:09:02]} 28. Nf3 {[%clk 0:02:40]} Rb3
{[%clk 0:08:55]} 29. Qd2 {[%clk 0:02:11]} Rxa3 {[%clk 0:08:38]} 30. Bxa5
{[%clk 0:01:56]} Rxa4 {[%clk 0:08:46]} 31. Ne5 {[%clk 0:01:57]} Nxe5
{[%clk 0:08:47]} 32. fxe5 {[%clk 0:01:55]} Rb3 {[%clk 0:08:23]} 33. Bd8
{[%clk 0:00:59]} Ng3 {[%clk 0:07:36]} 34. Rb2 {[%clk 0:00:57]} Rb5
{[%clk 0:06:18]} 35. h4 {[%clk 0:00:28]} Nf5 {[%clk 0:06:14]} 36. Qf2
{[%clk 0:00:19]} Qb8 {[%clk 0:05:48]} 37. Bb6 {[%clk 0:00:25]} Ra3
{[%clk 0:05:52]} 38. Re2 {[%clk 0:00:18]} Rbb3 {[%clk 0:05:52]} 39. Rce1
{[%clk 0:00:21]} a5 {[%clk 0:05:11]} 40. Qf4 {[%clk 0:00:14]} Qb7
{[%clk 0:04:20]} 41. Kf2 {[%clk 0:00:17]} Qa6 {[%clk 0:04:25]} 42. Qg4
{[%clk 0:00:14]} Qd3 {[%clk 0:03:13]} 43. h5 {[%clk 0:00:22]} gxh5
{[%clk 0:02:59]} 44. Qxh5 {[%clk 0:00:24]} Nxd4 {[%clk 0:03:03]} 45. g6
{[%clk 0:00:11]} fxg6 {[%clk 0:02:17]} 46. Qh4 {[%clk 0:00:13]} Qf5+
{[%clk 0:02:13]} 47. Kg2 {[%clk 0:00:19]} Qf3+ {[%clk 0:02:08]} 48. Kh2
{[%clk 0:00:15]} Nxe2 {[%clk 0:02:06]} 0-1